10 Biggest Municipalities in Western Massachusetts - Statistics

General Stats
  • This quiz has been taken 59 times
  • The average score is 7 of 10
Answer Stats
Population Municipality % Correct
155,929 Springfield
100%
39,263 Amherst
85%
43,927 Pittsfield
83%
38,238 Holyoke
72%
29,571 Northampton
72%
55,560 Chicopee
68%
28,835 West Springfield
60%
40,834 Westfield
57%
28,692 Agawam
49%
21,002 Ludlow
34%
No matching quizzes found
Score Distribution
Percent of People with Each Score
Percentile by Number Answered
Your Score History
You have not taken this quiz